000 01359cam a2200265 4500
001 ABS65409
008 020419n2002 000 0 eng u
035 _a(Sirsi) u117600
100 _aRomney, C.
245 2 _aA lease for Europe
260 _c2002
490 _aProperty Week
_v67(11) 22 March 2002, 37-38(2)
520 _aArgues that many differences still exist between landlord and tenant systems of European countries, and illustrates how these complicate lease arrangements between European partners. Takes the example of a German retail tenant looking to expand into the UK market and identifies five problem areas to negotiate: incompatible legal systems; the UK requirement to repair the structure of its leasehold premises;upward only rent reviews; the optimal length of lease term; and alienation. In each scenario, compares the UK and German systems with those of Poland and other European countries. Concludes that successful cross-border transactions need a clear understanding of the respective legal systems of the parties.
590 _aABS
650 _aEUROPE
650 _aGERMANY
650 _aPOLAND
650 _aCOMMERCIAL LEASES
650 _aLEGAL SYSTEMS
650 _aSTRUCTURAL REPAIRS
650 _aUPWARD ONLY RENT REVIEWS
650 _aLEASE TERM
690 _aLANDLORD AND TENANT-LEASES
942 _n0
999 _c70026
_d70026